| 000 | 00771nam a22002297a 4500 | ||
|---|---|---|---|
| 999 |
_c6042 _d6042 |
||
| 003 | OSt | ||
| 005 | 20260128082634.0 | ||
| 008 | 260128b ||||| |||| 00| 0 eng d | ||
| 020 | _a9789673054183 | ||
| 040 | _cKH8 | ||
| 082 | _a551.302 ROS | ||
| 100 |
_aRoslan Zainal Abidin, _d1958- _eauthor. |
||
| 245 |
_aProfessorial lecture : _bforecasting erosion induced landslide / _cRoslan Zainal Abidin. |
||
| 260 |
_aSelangor ; _bAttin Press Sdn. Bhd. , _c2026. |
||
| 300 |
_avii, 76 pages : _bcolour illustrations, maps ; _c21 cm. |
||
| 490 | _aProfessorial lecture series | ||
| 500 | _aIncludes bibliographical references (p. [69]-73) and index. | ||
| 650 | 2 | 0 |
_aSoil erosion _zMalaysia |
| 650 | _aLandslides | ||
| 830 | _aProfessorial lecture series | ||
| 942 |
_2ddc _cNFIC |
||